Normal view
MARC view
Entry Personal Name
001 - CONTROL NUMBER
- control field: 19381
003 - CONTROL NUMBER IDENTIFIER
- control field: OSt
005 - DATE AND TIME OF LATEST TRANSACTION
- control field: 20211105134409.0
008 - FIXED-LENGTH DATA ELEMENTS
- fixed length control field: 211105|| aca||aabn | a|a d
040 ## - CATALOGING SOURCE
- Original cataloging agency: OSt
- Transcribing agency: OSt
100 ## - HEADING--PERSONAL NAME
- Personal name: Pokorski, S., ed
670 ## - SOURCE DATA FOUND
- Source citation: Work cat.: (OSt): Kazimierz Meeting on Elementary pticle Physics 16th Kazimierz 1993 May 24-28 19379, New Physics with new experiments, 1994